| 000 | 00415nam a2200145Ia 4500 | ||
|---|---|---|---|
| 020 | _a0805309225 | ||
| 040 | _cTXH | ||
| 082 | _a570 BEN 1995 A061 Or. | ||
| 100 | 1 | _aDickey, Jean | |
| 245 | 1 | 0 | _aLaboratory investigations for biology / |
| 260 |
_aRedwood City, Calif. : _bThe Benjamin/Cummings Pub. Co., _cc1995 |
||
| 300 |
_a1 v. (various pagings) : _bill. (some col.) ; _c28 cm |
||
| 650 | 0 | _aBiology | |
| 942 | _cEK | ||
| 999 |
_c14761 _d14761 |
||